RACCONTI MORALI 6 (Record n. 105251)
[ formato base ]
| 000 -LEADER | |
|---|---|
| fixed length control field | 01397agaaa2200313 4500 |
| 001 - CONTROL NUMBER | |
| control field | 9172 |
| 003 - CONTROL NUMBER IDENTIFIER | |
| control field | IT-RoPAU |
| 005 - DATE AND TIME OF LATEST TRANSACTION | |
| control field | 20220918181230.0 |
| 007 - PHYSICAL DESCRIPTION FIXED FIELD--GENERAL INFORMATION | |
| fixed length control field | d cvaizq |
| 008 - FIXED-LENGTH DATA ELEMENTS--GENERAL INFORMATION | |
| fixed length control field | 50131s9999||||xx ||| | || ||und|| |
| 040 ## - CATALOGING SOURCE | |
| Original cataloging agency | IT-RoPAU |
| Transcribing agency | IT-RoPAU |
| 041 ## - LANGUAGE CODE | |
| Language code of text/sound track or separate title | ITALIANO |
| 100 ## - MAIN ENTRY--PERSONAL NAME | |
| Personal name | Rohmer Eric |
| Miscellaneous information | Codice regista SPICS: 1948 |
| 9 (RLIN) | 40346 |
| 130 ## - MAIN ENTRY--UNIFORM TITLE | |
| Uniform title | RACCONTI MORALI 6 |
| 9 (RLIN) | 40347 |
| 245 ## - TITLE STATEMENT | |
| Title | RACCONTI MORALI 6 |
| Statement of responsibility, etc. | Prodotto da: Cottrell Pierre -- Sceneggiatura: Rohmer Eric -- Diretto da: Rohmer Eric |
| Name of part/section of a work | RACCONTI MORALI 6 (Rif. Codice opera principale : 29172) |
| 250 ## - EDITION STATEMENT | |
| Edition statement | Edizione Standard |
| 260 ## - PUBLICATION, DISTRIBUTION, ETC. (IMPRINT) | |
| Place of publication, distribution, etc. | (FRANCIA) |
| Name of publisher, distributor, etc. | FILMS DU LOSANGE / Distribuzione: RAI |
| Date of manufacture | "1972 (1° ed.: 1985 ; Ed. Lingua Orig.: 1972)" |
| 300 ## - PHYSICAL DESCRIPTION | |
| Extent | VHS |
| Other physical details | sonoro, col. |
| 508 ## - CREATION/PRODUCTION CREDITS NOTE | |
| Creation/production credits note | "Fotografia: Almendros Nestor; Montaggio: Decugis Cecile; Musica: Dzierlatka Arie; Sceneggiatura: Rohmer Eric; Scenografia: Rachline Nicole; " |
| 511 ## - PARTICIPANT OR PERFORMER NOTE | |
| Participant or performer note | "Verley Bernard; Zouzou; Ceccaldi Daniel; Michelino Tina; Randall Suze; Fabian F." |
| 520 ## - SUMMARY, ETC. | |
| Summary, etc. | L'AMORE AL POMERIGGIO |
| 538 ## - SYSTEM DETAILS NOTE | |
| System details note | PAL, STEREO |
| 546 ## - LANGUAGE NOTE | |
| Language note | ITALIANO |
| 650 ## - SUBJECT ADDED ENTRY--TOPICAL TERM | |
| Topical term or geographic name as entry element | COMMEDIA |
| Relator term | FILMS [VHS] |
| General subdivision | Codice MATERIA SPICS: 9960 |
| 9 (RLIN) | 40348 |
| 700 ## - ADDED ENTRY--PERSONAL NAME | |
| Personal name | Dzierlatka Arie |
| Relator term | (musica) |
| Miscellaneous information | Codice Musica SPICS: 29791 |
| 9 (RLIN) | 40349 |
| 700 ## - ADDED ENTRY--PERSONAL NAME | |
| Personal name | Rohmer Eric |
| Relator term | (regista) |
| Miscellaneous information | Codice regista SPICS: 1948 |
| 9 (RLIN) | 40350 |
| 700 ## - ADDED ENTRY--PERSONAL NAME | |
| Personal name | Rohmer Eric |
| Relator term | (soggetto) |
| Miscellaneous information | Codice Soggetto SPICS: 1948 |
| 9 (RLIN) | 40351 |
| 942 ## - ADDED ENTRY ELEMENTS (KOHA) | |
| Koha item type | VHS - VIDEO |
| Source of classification or shelving scheme | Dewey Decimal Classification |
| Withdrawn status | Lost status | Damaged status | Not for loan | Home library | Current library | Date acquired | Total Checkouts | Full call number | Date last seen | Price effective from | Koha item type | Public note |
|---|---|---|---|---|---|---|---|---|---|---|---|---|
| Buone Condizioni | Not For Loan | SPICS-MEDIATECA | SPICS-MEDIATECA | 31/01/2015 | 29172 | 31/01/2015 | 31/01/2015 | VHS - VIDEO | Progr. Ins.: 1878 / N.Vol.:1 / Copie: 1 / Pag.: / Copia rara: SI / date import: 1.2.2015 / By Epidotti, Trombetti, Vaglietti |